000 00496nam a2200157Ia 4500
008 240729s9999 xx 000 0 und d
022 _a2233-6567
245 0 _aEnvironmental Health and Toxicology
260 _aKorea, Republic of
260 _bKorean Society of Environmental Health and Toxicology
650 _a Environmental sciences
650 _aGeography. Anthropology. Recreation
856 _uhttps://doaj.org/toc/22e129107b604c638da0a2cd2748af33
942 _2ddc
942 _cDOAJEJ
999 _c68206
_d68206
945 _a1
_bMadushi Gamage
_c1
_dMadushi Gamage